000 02314nam0a2200385 4500
001 RU\NLR\BIBL_A\012750731
005 20250710170844.0
010 _a978-5-94811-348-7
_9300
021 _aRU
_bКН-П-21-090807
_9КН-П-21-7237
035 _a(NLR Aleph) 012750731
035 _a(RuMoRGB)010931987
090 _a13031162
_c13031162
100 _a20220404d2021 k y0rusy50 ca
101 0 _arus
102 _aRU
105 _aa z 100zy
181 0 _ai
_baxxe
182 0 _an
200 1 _aМолодежь и общество: проблемы и перспективы развития
_eсборник статей по итогам XI Международной научно-практической конференции студентов, магистров и аспирантов (Ярославль, 30 апреля 2021 года)
_fМосковский финансово-юридический университет МФЮА
_gответственный редактор Н. С. Семенова
203 _aТекст
_bвизуальный
_cнепосредственный
210 _aЯрославль
_cМФЮА
_d2021
215 _a184 с.
_cил.
_d21
320 _aБиблиогр. в конце ст.
606 1 _aЭкономика
_jСъезды, совещания и т.п
_91414491
_3RU\NLR\AUTH\66284709
606 1 _aПраво
_jСъезды, совещания и т.п
_9894779
_3RU\NLR\AUTH\664055
686 1 _aУ.я431
686 1 _aХ.я431
702 1 _4340
_aСеменова
_bН. С.
_cпедагог, юриспруденция
_f1953-
_gНаталья Сергеевна
_9183282
_3RU\NLR\AUTH\770183333
711 1 2 _a"Молодежь и общество: проблемы и перспективы развития", международная научно-практическая конференция студентов, магистров и аспирантов
_d11
_eЯрославль
_f2021
_9792994
_3RU\NLR\AUTH\880562946
712 0 2 _4570
_aМосковский финансово-юридический университет
_9285400
_3RU\NLR\AUTH\8810198295
942 _cBOOK
980 _aNB